000 00713nam a22002417a 4500
003 UA-OsUOA
001 45475
007 ta
008 20070424b un ||||| |||| 00| 0 ukr d
100 _aГолубець М.
090 _a811.161.2(477)
_bГ62
942 _cBR
040 _aUA-OsUOA
_bukr
_cUA-OsUOA
_dUA-OsUOA
245 _aРусифікація, люмпенізація, вульгаризація
300 _a48 с.
955 _a2
041 _aukr
080 _a811.161.2(477)
020 _a966-7307-17-4
260 _aЛьвів
_bПоллі
_c2006
650 7 _a8 Мовознавство. Художня література. Літературознавство
_2UDC
999 _c331578
_d331578